Statistics for Name 10 Eminem's songs.

Click here to take the quiz!

General Stats

  • This quiz has been taken 344 times
  • The average score is 5 of 10

Answer Stats

HintAnswer% Correct
Eminem ft. RihannaLove The Way You Lie
92%
EminemLose Yourself
62%
Eminem ft. RihannaThe Monster
62%
EminemNot Afraid
52%
Eminem ft. Lil WayneNo Love
51%
EminemRap God
46%
Eminem ft. SiaGuts Over Fear
45%
Eminem ft. Royce da 5'9", Big Sean, Danny Brown, Dej Loaf, Trick TrickDetroit Vs. Everybody
32%
EminemBerzerk
14%
EminemSurvival
12%

Score Distribution

Percentile by Number Answered

Percent of People with Each Score

Your Score History

You have not taken this quiz